[Event "SWE-ch blitz"]
[Site "Helsingborg"]
[Date "2021.11.14"]
[Round "5"]
[White "Smith, Axel"]
[Black "Wellevit, Tomas"]
[Result "1-0"]
[WhiteElo "2473"]
[BlackElo "2113"]
[PlyCount "95"]
[EventDate "2021.11.14"]
[EventType "swiss (blitz)"]
[EventRounds "13"]
[EventCountry "SWE"]
[SourceTitle "EXT 2024"]
[Source "ChessBase"]
[SourceDate "2023.10.10"]
[SourceVersion "1"]
[SourceVersionDate "2023.10.10"]
[SourceQuality "1"]

1. e4 e6 2. d4 d5 3. exd5 exd5 4. Nf3 Nf6 5. Bd3 Be7 6. 0-0 0-0 7. h3 Nc6 8. c3 Be6 9. Re1 Qd7 10. Qc2 g6 11. Bh6 Rfe8 12. Nbd2 Bf8 13. Bxf8 Rxf8 14. Re3 Nh5 15. Rae1 Nf4 16. Bf1 Bf5 17. Qb3 Na5 18. Qb4 Nc6 19. Qb3 a6 20. Ne5 Nxe5 21. Rxe5 Be6 22. h4 c6 23. g3 Nh5 24. Qd1 Bg4 25. Be2 Nf6 26. Bxg4 Nxg4 27. Re7 Qc8 28. Nf3 Nf6 29. Ng5 h6 30. Qf3 hxg5 31. Qxf6 gxh4 32. Qxh4 Qf5 33. Rxb7 Rae8 34. Rbe7 Rxe7 35. Qxe7 Qc2 36. Qe2 Qf5 37. Qxa6 Kg7 38. Qe2 Qh3 39. Qf1 Qf5 40. Qe2 Qh3 41. Qe5+ Kg8 42. Qe7 Ra8 43. a3 Rb8 44. b4 Ra8 45. Qf6 Qg4 46. Kg2 Rc8 47. Re7 Rf8 48. Qxc6 1-0

[Event "SWE-ch blitz"]
[Site "Helsingborg"]
[Date "2021.11.14"]
[Round "7"]
[White "Wellevit, Tomas"]
[Black "Rajcevski, Dejan"]
[Result "1-0"]
[WhiteElo "2113"]
[BlackElo "1977"]
[PlyCount "69"]
[EventDate "2021.11.14"]
[EventType "swiss (blitz)"]
[EventRounds "13"]
[EventCountry "SWE"]
[SourceTitle "EXT 2024"]
[Source "ChessBase"]
[SourceDate "2023.10.10"]
[SourceVersion "1"]
[SourceVersionDate "2023.10.10"]
[SourceQuality "1"]

1. e4 e5 2. Nf3 Nf6 3. d4 Nxe4 4. dxe5 d5 5. Bd3 Nc6 6. 0-0 Bc5 7. Nbd2 Bf5 8. Nb3 Bb6 9. a4 a5 10. c3 0-0 11. Nbd4 Bxd4 12. cxd4 Nb4 13. Bb1 c6 14. Ra3 h6 15. Nd2 Nxd2 16. Bxd2 Bxb1 17. Qxb1 Qe7 18. Rg3 Kh8 19. Qf5 Qe6 20. Qh5 f5 21. Rg6 Qf7 22. Bxh6 gxh6 23. Rxh6+ Kg8 24. Rg6+ Qg7 25. Rxg7+ Kxg7 26. Qg5+ Kh7 27. f4 Rg8 28. Qxf5+ Rg6 29. Rf3 Rag8 30. Qf7+ R8g7 31. Rh3+ Rh6 32. Qf5+ Rgg6 33. Rg3 Kg7 34. Qf6+ Kh7 35. Qf7+ 1-0

[Event "SWE-ch blitz"]
[Site "Helsingborg"]
[Date "2021.11.14"]
[Round "9"]
[White "Wellevit, Tomas"]
[Black "Rosell, Tomas"]
[Result "1-0"]
[WhiteElo "2113"]
[BlackElo "2070"]
[PlyCount "71"]
[EventDate "2021.11.14"]
[EventType "swiss (blitz)"]
[EventRounds "13"]
[EventCountry "SWE"]
[SourceTitle "EXT 2024"]
[Source "ChessBase"]
[SourceDate "2023.10.10"]
[SourceVersion "1"]
[SourceVersionDate "2023.10.10"]
[SourceQuality "1"]

1. e4 c5 2. Nf3 d6 3. d4 cxd4 4. Nxd4 Nf6 5. Nc3 g6 6. Bg5 Bg7 7. Qd2 Nc6 8. Nb3 0-0 9. Bh6 Be6 10. Bxg7 Kxg7 11. h4 Ne5 12. 0-0-0 a5 13. h5 Nxh5 14. Be2 Nf6 15. Qh6+ Kg8 16. f4 Neg4 17. Bxg4 Bxg4 18. e5 Nh5 19. Rd3 a4 20. Nd4 a3 21. b3 Rc8 22. Ne4 f6 23. exf6 exf6 24. f5 Rf7 25. fxg6 hxg6 26. Qxg6+ Rg7 27. Qh6 Qe7 28. Ng3 Qe5 29. Nxh5 Bxh5 30. Rxh5 Qe1+ 31. Rd1 Qc3 32. Qxf6 Qb2+ 33. Kd2 Rxg2+ 34. Ke1 Qc3+ 35. Kf1 Rf8 36. Rh8# 1-0

[Event "Gothenburg op"]
[Site "Gothenburg"]
[Date "2018.08.19"]
[Round "7"]
[White "Wellevit, Tomas"]
[Black "Strom Engdahl, Alexander"]
[Result "1/2-1/2"]
[WhiteElo "1905"]
[BlackElo "1747"]
[PlyCount "100"]
[EventDate "2018.08.17"]
[EventType "swiss"]
[EventRounds "8"]
[EventCountry "SWE"]
[SourceTitle "CBM 186 Extra"]
[Source "ChessBase"]
[SourceDate "2018.08.24"]
[SourceVersion "1"]
[SourceVersionDate "2018.08.24"]
[SourceQuality "1"]

1. e4 e5 2. Nf3 Nf6 3. Bc4 Nxe4 4. Nc3 Nf6 5. Nxe5 d5 6. Bb3 c6 7. d4 Bd6 8. Bg5 0-0 9. 0-0 Re8 10. f4 Nbd7 11. Kh1 Qc7 12. Qf3 h6 13. Bh4 b5 14. Rae1 Ba6 15. Rg1 b4 16. Ne2 Ne4 17. Ng3 Nxg3+ 18. Qxg3 Nxe5 19. fxe5 Be7 20. Re3 g5 21. e6 Qxg3 22. Bxg3 Bf6 23. exf7+ Kxf7 24. Rf3 Kg7 25. c3 Re6 26. Rc1 Rae8 27. h3 Be2 28. Rf2 bxc3 29. bxc3 Re3 30. Bd6 Bb5 31. Rb2 Be7 32. Bxe7 R8xe7 33. Bxd5 Re1+ 34. Rxe1 Rxe1+ 35. Kh2 Rc1 36. Rb3 cxd5 37. Rxb5 Rxc3 38. a4 Rc4 39. a5 Rxd4 40. Rb7+ Kg6 41. Rxa7 Ra4 42. g4 d4 43. Ra6+ Kg7 44. Kg2 d3 45. Kf3 d2 46. Ke2 Ra2 47. Ra8 Kf7 48. a6 Kg6 49. a7 Kg7 50. Kd1 Kh7 1/2-1/2

[Event "Gothenburg op"]
[Site "Gothenburg"]
[Date "2018.08.17"]
[Round "4"]
[White "Gritsak, Orest"]
[Black "Wellevit, Tomas"]
[Result "1-0"]
[WhiteElo "2464"]
[BlackElo "1905"]
[PlyCount "65"]
[EventDate "2018.08.17"]
[EventType "swiss"]
[EventRounds "8"]
[EventCountry "SWE"]
[SourceTitle "CBM 186 Extra"]
[Source "ChessBase"]
[SourceDate "2018.08.24"]
[SourceVersion "1"]
[SourceVersionDate "2018.08.24"]
[SourceQuality "1"]

1. Nf3 d5 2. d4 Nf6 3. c4 e6 4. Nc3 Be7 5. Bg5 c6 6. e3 Ne4 7. Bxe7 Qxe7 8. Nxe4 dxe4 9. Nd2 f5 10. Qh5+ g6 11. Qh6 Nd7 12. Be2 e5 13. h4 exd4 14. exd4 Nf6 15. h5 Ng8 16. Qe3 g5 17. g4 h6 18. gxf5 Bxf5 19. f3 exf3 20. Qxf3 Be6 21. d5 Bd7 22. Ne4 Qb4+ 23. Qc3 Qxc3+ 24. bxc3 0-0-0 25. Nd6+ Kc7 26. Nf7 Nf6 27. Nxh8 Rxh8 28. 0-0 Ne4 29. Rf7 Kc8 30. Bd3 Ng3 31. Re1 Nxh5 32. Ree7 Rd8 33. Rxd7 1-0

[Event "Gothenburg Kvibergspelen"]
[Site "Gothenburg"]
[Date "2018.04.20"]
[Round "3"]
[White "Rydstrom, Tom"]
[Black "Wellevit, Tomas"]
[Result "1-0"]
[WhiteElo "2357"]
[BlackElo "1918"]
[PlyCount "35"]
[EventDate "2018.04.20"]
[EventType "swiss"]
[EventRounds "8"]
[EventCountry "SWE"]
[SourceTitle "CBM 184 Extra"]
[Source "ChessBase"]
[SourceDate "2018.06.28"]
[SourceVersion "1"]
[SourceVersionDate "2018.06.28"]
[SourceQuality "1"]

1. e4 e6 2. d4 d5 3. Nc3 Bb4 4. e5 Ne7 5. a3 Bxc3+ 6. bxc3 0-0 7. Nf3 c5 8. Bd3 c4 9. Bxh7+ Kxh7 10. Ng5+ Kg6 11. Qg4 f5 12. Qg3 Qa5 13. Bf4 Rh8 14. Kd2 Nbc6 15. Nxe6+ Kf7 16. Qxg7+ Kxe6 17. Qf6+ Kd7 18. e6+ 1-0